| 000 | 00751nam a22002417a 4500 | ||
|---|---|---|---|
| 999 |
_c8289 _d8289 |
||
| 003 | AR-CdUCM | ||
| 008 | 190322b ||||| |||| 00| 0 spa d | ||
| 040 |
_aMUNICIPALIDAD PROVINCIAL DEL CUSCO _cBIBLIOTECA MUNICIPAL DEL CUSCO |
||
| 082 |
_a901 / _bP78 |
||
| 100 |
_aPortuondo, Jose Antonio _916632 |
||
| 245 | _aLa Historia y las generaciones / | ||
| 260 |
_aSantiago de Cuba : _c1958. |
||
| 300 |
_a117 paginas ; _c22 cm. |
||
| 440 |
_aColeccion Manigua _n6 _923315 |
||
| 500 | _aHistoria | ||
| 505 | _aContenido: Historia -- periodos y generaciones -- generaciones literarias | ||
| 650 |
_aHistoria _9136 |
||
| 650 |
_aGeneraciones _923316 |
||
| 650 |
_aLiteratura _983 |
||
| 650 |
_aSiglo XIX _9971 |
||
| 942 |
_2ddc _cLIBROS |
||
| 945 | _apjha | ||